| Поле | Инд. | ПП | Название | Значение |
|---|---|---|---|---|
| Тип записи | a | |||
| Библиографический уровень | b | |||
| 001 | Контрольный номер | RU/IS/BASE/140276864 | ||
| 005 | Дата корректировки | 20200630193306.4 | ||
| 084 | a | Индекс другой классификации/Индекс ББК | 65.32(2Рос) | |
| 100 | 10 | a | Автор | Рау В. В. |
| q | Полное имя | Рау Владимир Васильевич | ||
| 245 | 00 | a | Заглавие | Аграрный сектор на пути к обновлению |
| 504 | 00 | a | Библиография | Лит.: с. 50 |
| 520 | 00 | a | Аннотация | "Рассмотрены современное состояние и пути выхода из кризиса аграрного сектора народного хозяйства, показаны роль и значение России в возрождении и развитии интеграционных связей в области сельского хозяйства в Содружестве Независимых Государств." |
| 650 | a | Основная рубрика | экономика | |
| a | Основная рубрика | экономика сельского хозяйства | ||
| 653 | 00 | a | Ключевые слова | агропромышленное производство |
| a | Ключевые слова | импорт продовольствия | ||
| a | Ключевые слова | инвестиции | ||
| a | Ключевые слова | иностранные инвестиции | ||
| a | Ключевые слова | материально-техническое обеспечение | ||
| a | Ключевые слова | международное сотрудничество | ||
| a | Ключевые слова | пищевая промышленность | ||
| a | Ключевые слова | реструктуризация задолженности | ||
| a | Ключевые слова | Россия | ||
| a | Ключевые слова | сельское хозяйство | ||
| a | Ключевые слова | сельскохозяйственное производство | ||
| a | Ключевые слова | Содружество Независимых Государств (СНГ) | ||
| a | Ключевые слова | социально-экономическое развитие | ||
| a | Ключевые слова | экономическая интеграция | ||
| a | Ключевые слова | экономическое прогнозирование | ||
| a | Ключевые слова | экспорт продовольствия | ||
| 773 | 00 | t | Заглавие источника | Проблемы прогнозирования |
| d | Дата издания источника | 2000 | ||
| g | Прочая информация | № 4. - С. 40 - 50 | ||
| w | Контрольный № источника | RU/IS/BASE/142087671 | ||
| 901 | t | Тип документа | b |